On Women's Health and Women's Power: A Feminist Appraisal of Humanae Vitae (Record no. 477711)

000 -CABECERA
Campo de control de longitud fija 00484nab a22001457 4500
003 - IDENTIFICADOR DEL NÚMERO DE CONTROL
Campo de control ES-SlBCS
005 - FECHA Y HORA DE LA ÚLTIMA TRANSACCIÓN
Campo de control 20220413170045.0
008 - CÓDIGOS DE INFORMACIÓN DE LONGITUD FIJA
Campo de control de longitud fija 190108s2018 cau||||| |||| 00| 0 eng d
040 ## - FUENTE DE LA CATALOGACIÓN
Centro catalogador del origen ES-SlBCS
Lengua de catalogación spa
041 ## - CÓDIGO DE LENGUA
Código de lengua del texto/banda sonora o título independiente eng
100 1# - PUNTO DE ACCESO PRINCIPAL-NOMBRE DE PERSONA
Nombre de persona Reimer-Barry, Emily
9 (RLIN) 82846
245 10 - MENCIÓN DE TÍTULO
Título On Women's Health and Women's Power: A Feminist Appraisal of Humanae Vitae
Mención de responsabilidad, etc. Emily Reimer-Barry
773 0# - ENLACE AL DOCUMENTO FUENTE
Parte(s) relacionada(s) Vol. 79, fasc. 4, 2018, págs. 818-840
Título Theological Studies
Número de control del registro relacionado Rev483
Número Internacional Normalizado para Publicaciones Seriadas (ISSN) 0040-5639
942 ## - ENTRADA DE ELEMENTOS AGREGADOS (KOHA)
Fuente de clasificaión o esquema
Koha [por defecto] tipo de item Artículos de revista
Holdings
Suprimido Perdido Fuente de clasificación o esquema Estropeado No para préstamo Localización permanente Localización actual Localización en estantería Fecha adquisición Préstamos totales Fecha última consulta Fecha del precio de reemplazo Tipo de item de Koha
          San Esteban San Esteban Depósito de revistas 08/01/2019   08/01/2019 08/01/2019 Artículos de revista

Bibliotecas Dominicos Provincia Hispania, 2016

Con tecnología Koha